[Event "Pavlodar op"]
[White "Skurygin, Grigoriy"]
[Black "Shakhmatov, Roman"]
[Site "Pavlodar"]
[Round "6"]
[Result "1-0"]
[Date "2015.12.11"]
[WhiteElo "2166"]
[BlackElo "1751"]
[PlyCount "62"]
[EventDate "2015.12.07"]
[EventType "swiss"]
[EventRounds "10"]
[EventCountry "KAZ"]
[SourceTitle "EXT 2017"]
[Source "ChessBase"]
[SourceDate "2016.10.25"]
[SourceVersion "1"]
[SourceVersionDate "2016.10.25"]
[SourceQuality "1"]

1. d4 Nf6 2. Nf3 e6 3. Bf4 b6 4. e3 Bb7 5. Bd3 Be7 6. h3 d6 7. 0-0 0-0 8. c4 c5 9. Nc3 Nc6 10. Rc1 Re8 11. Qe2 a6 12. Rfd1 Qc7 13. Bb1 Rad8 14. a3 h6 15. Bg3 Ba8 16. Qc2 Nb8 17. Qe2 Nbd7 18. b4 Qb7 19. Qb2 Qa7 20. dxc5 dxc5 21. b5 a5 22. Qe2 Bf8 23. Rd2 Be7 24. Rcd1 Nh5 25. Bh2 g6 26. Ne4 Bxe4 27. Bxe4 Ndf6 28. Bc6 Rxd2 29. Rxd2 Rd8 30. Qd1 Rxd2 31. Qxd2 Kg7 1-0

[Event "Chigorin Memorial 22nd"]
[White "Pankova, Julia"]
[Black "Shakhmatov, Roman"]
[Site "St Petersburg"]
[Round "9"]
[Result "0-1"]
[Date "2014.10.26"]
[WhiteElo "1655"]
[BlackElo "1775"]
[PlyCount "92"]
[EventDate "2014.10.18"]
[EventType "swiss"]
[EventRounds "9"]
[EventCountry "RUS"]
[SourceTitle "EXT 2015"]
[Source "ChessBase"]
[SourceDate "2014.11.20"]
[SourceVersion "1"]
[SourceVersionDate "2014.11.20"]
[SourceQuality "1"]

1. e4 e6 2. d4 d5 3. Nc3 Bb4 4. e5 c5 5. Bd2 Ne7 6. Nb5 Bxd2+ 7. Qxd2 0-0 8. c3 Nbc6 9. Bd3 Bd7 10. Nd6 cxd4 11. cxd4 Qb6 12. Nf3 f6 13. 0-0 a6 14. Rad1 fxe5 15. Nxe5 Qc7 16. Ndf7 Rxf7 17. Nxf7 Kxf7 18. Qe3 Nf5 19. Bxf5 exf5 20. Qf3 Qd6 21. Rfe1 Rc8 22. h3 Kg8 23. g3 f4 24. g4 Be8 25. Qe2 Bf7 26. Qf3 Qf6 27. Qc3 Qg5 28. Qf3 h5 29. Kh2 Bg6 30. Rg1 Be4 31. Qc3 Ne7 32. Qe1 Qh4 33. Rd2 f3 34. Rg3 Rc6 35. Qg1 g6 36. a3 Qg5 37. Qe1 Qf4 38. Kh1 hxg4 39. Rxg4 Qh6 40. Kh2 Nf5 41. Qd1 Rc7 42. Qe1 Rh7 43. Qf1 Qxd2 44. Rxg6+ Rg7 45. Rxg7+ Nxg7 46. Kh1 Qxb2 0-1